Movies Quiz

Random Movies or Oscar Quiz

Supporting Actor/Actress Oscar Winning Movies Quiz Stats

Quiz not verified by Sporcle

Challenge
Share
Tweet
Embed
Score 0/8 Timer 04:00
0 Plays Today
US Release Year Movies % Correct
1951A Streetcar Named Desire
79.4%
2010The Fighter
77.8%
1961West Side Story
71.4%
1953From Here to Eternity
66.7%
1986Hannah and Her Sisters
63.5%
1971The Last Picture Show
54%
1977Julia
52.4%
1957Sayonara
49.2%

You're not logged in!

Compare scores with friends on all Sporcle quizzes.
Sign Up with Email
OR
Log In

You Might Also Like...

Show Comments

Extras

Top Quizzes Today


Score Distribution

Your Account Isn't Verified!

In order to create a playlist on Sporcle, you need to verify the email address you used during registration. Go to your Sporcle Settings to finish the process.